Inside the millennial mind essays by 100 young Indians 2019-2020 (Record no. 1434345)

MARC details
000 -LEADER
fixed length control field 00795nam a22002417a 4500
005 - DATE AND TIME OF LATEST TRANSACTION
control field 20250728164017.0
008 - FIXED-LENGTH DATA ELEMENTS--GENERAL INFORMATION
fixed length control field 250728b |||||||| |||| 00| 0 eng d
020 ## - INTERNATIONAL STANDARD BOOK NUMBER
International Standard Book Number 978-81-944434-0-7 (pbk)
037 ## - SOURCE OF ACQUISITION
Terms of availability TB
040 ## - CATALOGING SOURCE
Original cataloging agency CRL
Transcribing agency CRL
041 ## - LANGUAGE CODE
Source of code eng
Language code of text/sound track or separate title eng
084 ## - COLON CLASSIFICATION NUMBER
Classification number O1119(Y11),6z Q9
Assigning agency CRL
100 ## - MAIN ENTRY--PERSONAL NAME
Personal name Kasturia, Shivani
9 (RLIN) 816715
245 ## - TITLE STATEMENT
Title Inside the millennial mind essays by 100 young Indians 2019-2020
260 ## - PUBLICATION, DISTRIBUTION, ETC.
Place of publication, distribution, etc. Gurugram, India:
Name of publisher, distributor, etc. Takhte,
Date of publication, distribution, etc. 2019.
300 ## - PHYSICAL DESCRIPTION
Extent viii, 220p.
365 ## - TRADE PRICE
Price amount 250.00
Currency code INR
650 ## - SUBJECT ADDED ENTRY--TOPICAL TERM
Topical term or geographic name entry element English Literature
9 (RLIN) 816716
650 ## - SUBJECT ADDED ENTRY--TOPICAL TERM
Topical term or geographic name entry element Children
9 (RLIN) 816717
650 ## - SUBJECT ADDED ENTRY--TOPICAL TERM
Topical term or geographic name entry element English Essays
9 (RLIN) 816718
942 ## - ADDED ENTRY ELEMENTS (KOHA)
Source of classification or shelving scheme Colon Classification (CC)
Koha item type Textbook
Classification part O1119(Y11),6z Q9
Suppress in OPAC No
Holdings
Withdrawn status Lost status Source of classification or shelving scheme Damaged status Not for loan Home library Current library Date acquired Source of acquisition Cost, normal purchase price Inventory number Total Checkouts Full call number Barcode Date last seen Price effective from Koha item type
    Colon Classification (CC)     Central Library Central Library 2025-07-28 Takhte 250.00 Gift   O1119(Y11),6z Q9 CL1699898 2025-07-28 2025-07-28 Textbook
Copyright @ Delhi University Library System